000 01212nam a22002897i 4500
005 20200805110039.0
008 200805s2017 ii a|||b |||| 00| 1 tam d
020 _cRM12.60
_qpaperback
040 _aPPAK
_beng
_cPPAK
_erda
082 0 4 _223
_a894.8113
090 0 0 _a894.8113
_bAVE
_dK
100 1 _aAverenkov, Yuri,
_eauthor.
245 1 0 _6880-01 $a
_aSooriyanai kanda kozhikunchi =
_bChicken who saw the sun /
_cYuri Averenkov ; editor: Saravanan Parthasarathy
246 3 3 _aCūryyan̲aik kaṇṭa kōl̲ikkuñcu
250 _a1st ed.
264 1 _aChennai, India :
_bBooks For Children,
_c2017
300 _a24 pages :
_bcolour illustrations ;
_c18 x 19 cm
336 _2rdacontent
_atext
337 _2rdamedia
_aunmediated
338 _2rdacarrier
_avolume
521 _a"For the word of a mother deer unruly young deer, the tragedy illustrates the comics." - Backcover. The little deer in this story realizes what happens when the mother taps the word .
650 1 0 _aChildren's stories, Tamil
650 2 0 _aTamil fiction
700 1 _aParthasarathy, Saravanan,
_eeditor.
880 1 0 _6245-01/$1
_aசூரியனைக் கண்ட கோழிக்குஞ்சு
942 _2ddc
_cB
999 _c178481
_d178480